[Event "Alushta op"]
[Site "Alushta"]
[Date "2023.07.05"]
[Round "4"]
[White "Savvopulo, Anatolij"]
[Black "Shajakhmetov, Linat"]
[Result "0-1"]
[WhiteElo "2023"]
[BlackElo "2039"]
[PlyCount "102"]
[EventDate "2023.07.02"]
[EventType "swiss"]
[EventRounds "9"]
[EventCountry "UKR"]
[SourceTitle "CBM 215 Extra"]
[Source "ChessBase"]
[SourceDate "2023.09.30"]
[SourceVersion "1"]
[SourceVersionDate "2023.09.30"]
[SourceQuality "1"]

1. Nf3 d5 2. d4 c6 3. c4 e6 4. e3 f5 5. Ne5 Nf6 6. Be2 Bd6 7. f4 0-0 8. Nc3 b6 9. cxd5 exd5 10. 0-0 Bb7 11. Bd2 Qe8 12. a3 Nbd7 13. Rc1 Rc8 14. Bd3 Ne4 15. Nxe4 fxe4 16. Be2 Bxe5 17. fxe5 Rxf1+ 18. Qxf1 Qe7 19. Qf4 Nf8 20. Qg3 c5 21. Bg4 Rc6 22. h3 Bc8 23. Be2 Rg6 24. Qh2 Qh4 25. Kh1 Qe7 26. Qf4 Ne6 27. Qf2 Ng5 28. b4 Bxh3 29. gxh3 Nxh3 30. Qh2 Rh6 31. Rf1 Ng5 32. Qxh6 gxh6 33. Rf6 Kg7 34. Bg4 c4 35. Rd6 Qf8 36. Kg2 Nf3 37. Bc3 Nh4+ 38. Kg1 h5 39. Rf6 hxg4 40. Rxf8 Kxf8 41. b5 Nf5 42. Bd2 h5 43. Kf2 h4 44. Kg2 Kf7 45. Kh2 Ke6 46. a4 Ng3 47. Kg2 Ne2 48. a5 c3 49. axb6 axb6 50. Kf2 cxd2 51. Kxe2 h3 0-1

[Event "RUS-ch Silent"]
[Site "Zelenograd"]
[Date "2022.04.18"]
[Round "11"]
[White "Shajakhmetov, Linat"]
[Black "Chernov, Igor"]
[Result "1-0"]
[WhiteElo "2093"]
[BlackElo "2026"]
[PlyCount "73"]
[EventDate "2022.04.09"]
[EventType "swiss"]
[EventRounds "11"]
[EventCountry "RUS"]
[SourceTitle "EXT 2023"]
[Source "ChessBase"]
[SourceDate "2022.10.05"]
[SourceVersion "1"]
[SourceVersionDate "2022.10.05"]
[SourceQuality "1"]

1. d4 Nf6 2. Bf4 e6 3. e3 c5 4. c3 Nc6 5. Nd2 b6 6. Be2 Be7 7. h3 Bb7 8. Ngf3 0-0 9. 0-0 d6 10. Bh2 cxd4 11. exd4 Rc8 12. Re1 Qc7 13. Bd3 Na5 14. Qe2 Rfe8 15. Rac1 Qb8 16. Ng5 Bf8 17. b4 h6 18. Nge4 Nxe4 19. Nxe4 f5 20. Nd2 Nc6 21. Bc4 Nd8 22. Qh5 Re7 23. Qg6 Rxc4 24. Nxc4 Rf7 25. Bf4 Rf6 26. Qg3 Nf7 27. f3 g5 28. h4 Kh7 29. hxg5 Rg6 30. Qh3 Be7 31. Rxe6 Rxe6 32. Qxf5+ Rg6 33. Qxf7+ Rg7 34. Qf5+ Kh8 35. gxh6 Rg8 36. Ne5 Qf8 37. Nf7+ 1-0

[Event "RUS-ch Silent"]
[Site "Zelenograd"]
[Date "2022.04.15"]
[Round "8"]
[White "Davydov, Evgeny G"]
[Black "Shajakhmetov, Linat"]
[Result "1/2-1/2"]
[WhiteElo "1954"]
[BlackElo "2093"]
[PlyCount "75"]
[EventDate "2022.04.09"]
[EventType "swiss"]
[EventRounds "11"]
[EventCountry "RUS"]
[SourceTitle "EXT 2023"]
[Source "ChessBase"]
[SourceDate "2022.10.05"]
[SourceVersion "1"]
[SourceVersionDate "2022.10.05"]
[SourceQuality "1"]

1. d4 d5 2. Nf3 e6 3. e3 Nf6 4. Bd3 Nbd7 5. 0-0 b6 6. Nbd2 Bb7 7. b3 Bd6 8. Bb2 0-0 9. Ne5 c5 10. Nxd7 Nxd7 11. Nf3 h6 12. Qe2 Qc7 13. c4 dxc4 14. bxc4 Bxf3 15. Qxf3 Bxh2+ 16. Kh1 Bd6 17. g4 e5 18. g5 hxg5 19. Qf5 g6 20. Qxg5 Kg7 21. f4 Rh8+ 22. Kg1 cxd4 23. fxe5 Bxe5 24. Rxf7+ Kxf7 25. Rf1+ Bf6 26. Rxf6+ Nxf6 27. Qxg6+ Ke7 28. Ba3+ Qc5 29. Bxc5+ bxc5 30. Qg7+ Ke6 31. Qc7 Rag8+ 32. Kf1 Nd7 33. exd4 Rf8+ 34. Ke2 cxd4 35. c5 Ne5 36. Qd6+ Kf7 37. Qd5+ Kf6 38. Qd6+ 1/2-1/2

[Event "WchT ICSC Silent 19th"]
[Site "Chiavenna"]
[Date "2019.12.17"]
[Round "6.1"]
[White "Ghadimi, Mohammed Reza"]
[Black "Shajakhmetov, Linat"]
[Result "1/2-1/2"]
[WhiteElo "2098"]
[BlackElo "2083"]
[PlyCount "119"]
[EventDate "2019.12.14"]
[EventType "team-tourn"]
[EventRounds "9"]
[EventCountry "ITA"]
[SourceTitle "CBM 193 Extra"]
[Source "ChessBase"]
[SourceDate "2020.01.31"]
[SourceVersion "1"]
[SourceVersionDate "2020.01.31"]
[SourceQuality "1"]
[WhiteTeam "Germany"]
[BlackTeam "Russia"]
[WhiteTeamCountry "GER"]
[BlackTeamCountry "RUS"]

1. d4 d5 2. c4 e6 3. Nc3 c6 4. e3 Nf6 5. Nf3 Nbd7 6. Qc2 Be7 7. g4 h6 8. Rg1 dxc4 9. Bxc4 Nb6 10. Be2 c5 11. h4 cxd4 12. exd4 Nfd5 13. g5 hxg5 14. Bxg5 Bxg5 15. hxg5 Nxc3 16. bxc3 Bd7 17. Ne5 Ba4 18. Qe4 Qc7 19. Rc1 g6 20. c4 Nd7 21. Rh1 Ke7 22. Rxh8 Rxh8 23. Rb1 b6 24. Bf3 Nxe5 25. Qxe5 Qxe5+ 26. dxe5 Rc8 27. Be2 Kd7 28. Rb4 Bc6 29. Rb3 Rh8 30. Ra3 Ra8 31. Kd2 a5 32. Rh3 Rb8 33. Rb3 Kc7 34. Rh3 b5 35. Rh7 Rd8+ 36. Ke3 Rd7 37. cxb5 Bd5 38. Rh4 Kb6 39. a3 Bb3 40. Rh8 Rd5 41. f4 Ba4 42. Rb8+ Ka7 43. Rf8 Rd7 44. Rc8 Rb7 45. Kd4 Rd7+ 46. Kc4 Rd2 47. Bd3 Bxb5+ 48. Kxb5 Rxd3 49. Rf8 Rd7 50. Kxa5 Rd5+ 51. Kb4 Rd4+ 52. Kc5 Rxf4 53. Kd6 Rf5 54. a4 Kb6 55. Rb8+ Ka7 56. Rf8 Kb6 57. Rb8+ Ka5 58. Ra8+ Kb6 59. Rb8+ Ka7 60. Rf8 1/2-1/2

[Event "WchT ICSC Silent 19th"]
[Site "Chiavenna"]
[Date "2019.12.16"]
[Round "4.1"]
[White "Nauryzgaliev, Amangeldy"]
[Black "Shajakhmetov, Linat"]
[Result "1/2-1/2"]
[WhiteElo "1905"]
[BlackElo "2083"]
[PlyCount "61"]
[EventDate "2019.12.14"]
[EventType "team-tourn"]
[EventRounds "9"]
[EventCountry "ITA"]
[SourceTitle "CBM 193 Extra"]
[Source "ChessBase"]
[SourceDate "2020.01.31"]
[SourceVersion "1"]
[SourceVersionDate "2020.01.31"]
[SourceQuality "1"]
[WhiteTeam "Kazakhstan"]
[BlackTeam "Russia"]
[WhiteTeamCountry "KAZ"]
[BlackTeamCountry "RUS"]

1. Nf3 d5 2. d4 e6 3. c4 c6 4. Nbd2 Nf6 5. e3 Nbd7 6. Bd3 Bd6 7. 0-0 0-0 8. e4 dxe4 9. Nxe4 Be7 10. b3 c5 11. Bb2 b6 12. Qc2 h6 13. Rad1 Qc7 14. Nxf6+ Bxf6 15. Be4 Bb7 16. Bxb7 Qxb7 17. d5 exd5 18. Rxd5 Bxb2 19. Qxb2 Rfe8 20. Re1 Nf6 21. Rde5 Qd7 22. h3 Rxe5 23. Nxe5 Qd6 24. Nf3 Re8 25. Rxe8+ Nxe8 26. Qe5 Qxe5 27. Nxe5 Nd6 28. f3 f6 29. Nd3 g5 30. g4 Kf7 31. Kf2 1/2-1/2

[Event "WchT ICSC Silent 19th"]
[Site "Chiavenna"]
[Date "2019.12.15"]
[Round "3.1"]
[White "Shajakhmetov, Linat"]
[Black "Ninov, Nikolay"]
[Result "0-1"]
[WhiteElo "2083"]
[BlackElo "2011"]
[PlyCount "110"]
[EventDate "2019.12.14"]
[EventType "team-tourn"]
[EventRounds "9"]
[EventCountry "ITA"]
[SourceTitle "CBM 193 Extra"]
[Source "ChessBase"]
[SourceDate "2020.01.31"]
[SourceVersion "1"]
[SourceVersionDate "2020.01.31"]
[SourceQuality "1"]
[WhiteTeam "Russia"]
[BlackTeam "Bulgaria"]
[WhiteTeamCountry "RUS"]
[BlackTeamCountry "BUL"]

1. d4 d5 2. c4 e6 3. Nc3 Nf6 4. cxd5 exd5 5. Bg5 Be7 6. e3 Nbd7 7. Bd3 c6 8. Qc2 0-0 9. Nf3 Re8 10. 0-0 Nf8 11. h3 g6 12. Ne5 Ne6 13. f4 Ng7 14. Rf3 Bf5 15. g4 Bxd3 16. Qxd3 Nd7 17. Bxe7 Rxe7 18. Nxd7 Rxd7 19. f5 Ne8 20. Raf1 Nd6 21. f6 h6 22. h4 Qe8 23. Qc2 Qe6 24. Qg2 Re8 25. b3 Rc7 26. Ne2 Qe4 27. Qg3 Rd7 28. Nf4 Qc2 29. R3f2 Qe4 30. Ng2 Kh7 31. Qh3 Rdd8 32. Re1 Qd3 33. Nf4 Qc3 34. Rfe2 Ne4 35. g5 h5 36. Nxh5 gxh5 37. Qf5+ Kg8 38. g6 Ng3 39. gxf7+ Kxf7 40. Qh7+ Ke6 41. f7 Nxe2+ 42. Rxe2 Rf8 43. Qg6+ Ke7 44. Qg5+ Kd7 45. Rf2 Qe1+ 46. Kg2 Qd1 47. Rf3 Qc2+ 48. Kg3 Qh7 49. Qf6 Kc7 50. Qe5+ Kb6 51. Qe7 Qg6+ 52. Kf2 Qd6 53. Qg5 Rd7 54. Qxh5 Qe6 55. Ke2 Rdxf7 0-1

[Event "RUS-ch Silent"]
[Site "Zelenograd"]
[Date "2018.10.27"]
[Round "3"]
[White "Shajakhmetov, Linat"]
[Black "Petrenko, Mikhail"]
[Result "1/2-1/2"]
[WhiteElo "2100"]
[BlackElo "1925"]
[PlyCount "66"]
[EventDate "2018.10.25"]
[EventType "swiss"]
[EventRounds "11"]
[EventCountry "RUS"]
[SourceTitle "EXT 2020"]
[Source "ChessBase"]
[SourceDate "2019.10.17"]
[SourceVersion "1"]
[SourceVersionDate "2019.10.17"]
[SourceQuality "1"]

1. d4 d5 2. Bf4 Nf6 3. e3 Bf5 4. c4 e6 5. Nc3 Bd6 6. Bxd6 Qxd6 7. c5 Qe7 8. Bd3 Bg6 9. Nf3 Bxd3 10. Qxd3 c6 11. Ne5 Nbd7 12. f4 Nh5 13. 0-0 f5 14. b4 0-0 15. b5 Nxe5 16. fxe5 g5 17. Qd1 g4 18. g3 Ng7 19. Qa4 b6 20. bxc6 bxc5 21. Rfb1 Rfc8 22. Rb7 Qg5 23. Nd1 cxd4 24. exd4 Qd2 25. Rab1 Qe1+ 26. Kg2 f4 27. Rxg7+ Kxg7 28. Rb7+ Kh8 29. gxf4 Qe4+ 30. Kg1 Qe1+ 31. Kg2 Qe4+ 32. Kg1 Qe1+ 33. Kg2 Qe4+ 1/2-1/2

[Event "RUS-ch Silent"]
[Site "Zelenograd"]
[Date "2017.09.23"]
[Round "7"]
[White "Davydov, Evgeny G"]
[Black "Shajakhmetov, Linat"]
[Result "0-1"]
[WhiteElo "2053"]
[BlackElo "2078"]
[PlyCount "38"]
[EventDate "2017.09.19"]
[EventType "swiss"]
[EventRounds "11"]
[EventCountry "RUS"]
[SourceTitle "EXT 2019"]
[Source "ChessBase"]
[SourceDate "2018.10.10"]
[SourceVersion "1"]
[SourceVersionDate "2018.10.10"]
[SourceQuality "1"]

1. d4 d6 2. e4 Nf6 3. Nc3 e5 4. Nf3 Nbd7 5. Bc4 Be7 6. Bxf7+ Kxf7 7. Ng5+ Kg8 8. Ne6 Qe8 9. Nxc7 Qg6 10. Nxa8 Qxg2 11. Rf1 exd4 12. Qxd4 Ne5 13. f4 Nfg4 14. Qd5+ Nf7 15. Qc4 Bh4+ 16. Kd1 Bd7 17. Nc7 Nxh2 18. Re1 Bg4+ 19. Re2 Qg3 0-1

[Event "RUS-ch Silent"]
[Site "Zelenograd"]
[Date "2017.09.19"]
[Round "1"]
[White "Sokolov, Yury A"]
[Black "Shajakhmetov, Linat"]
[Result "0-1"]
[WhiteElo "1787"]
[BlackElo "2078"]
[PlyCount "70"]
[EventDate "2017.09.19"]
[EventType "swiss"]
[EventRounds "11"]
[EventCountry "RUS"]
[SourceTitle "EXT 2019"]
[Source "ChessBase"]
[SourceDate "2018.10.10"]
[SourceVersion "1"]
[SourceVersionDate "2018.10.10"]
[SourceQuality "1"]

1. e4 d6 2. d4 Nf6 3. Nc3 Nbd7 4. Nf3 e5 5. Be2 Be7 6. 0-0 0-0 7. h3 c6 8. Be3 Re8 9. dxe5 dxe5 10. Bc4 b5 11. Bd3 Qc7 12. Ne2 Nc5 13. Ng3 Rd8 14. Qe2 Ne6 15. Rfd1 g6 16. Qf1 a6 17. c3 c5 18. Bc2 Bb7 19. Nd2 c4 20. Ne2 Bc5 21. Kh1 Bxe3 22. fxe3 Qe7 23. Ng3 Nc5 24. b4 Nd3 25. Qe2 Rd6 26. Rf1 Rad8 27. a4 Nxb4 28. Nf3 Nxc2 29. Qxc2 Rd3 30. axb5 axb5 31. Ra7 R8d7 32. Rf2 Rxe3 33. Rd2 Red3 34. Rxd3 cxd3 35. Qd2 Qc5 0-1

[Event "Zelenograd-ch"]
[Site "Zelenograd"]
[Date "2016.09.23"]
[Round "8"]
[White "Malyuga, Valentin"]
[Black "Shajakhmetov, Linat"]
[Result "1-0"]
[WhiteElo "2110"]
[BlackElo "2093"]
[PlyCount "51"]
[EventDate "2016.09.19"]
[EventType "swiss"]
[EventRounds "11"]
[EventCountry "RUS"]
[SourceTitle "EXT 2017"]
[Source "ChessBase"]
[SourceDate "2016.10.25"]
[SourceVersion "1"]
[SourceVersionDate "2016.10.25"]
[SourceQuality "1"]

1. d4 d6 2. e4 Nf6 3. Nc3 Nbd7 4. f4 e5 5. Nf3 exd4 6. Qxd4 c5 7. Qd3 Be7 8. e5 dxe5 9. fxe5 Ng4 10. Qe4 Nb6 11. Bb5+ Kf8 12. 0-0 h5 13. Bf4 Kg8 14. Rad1 Qf8 15. a4 a6 16. Be2 f5 17. exf6 Nxf6 18. Qe5 g6 19. Ng5 Bf5 20. a5 Nbd7 21. Bc4+ Kg7 22. Ne6+ Bxe6 23. Qxe6 Kh7 24. Rxd7 Nxd7 25. Qxd7 Qd8 26. Rd1 1-0

[Event "Zelenograd-ch"]
[Site "Zelenograd"]
[Date "2016.09.20"]
[Round "2"]
[White "Komendant, Vasily"]
[Black "Shajakhmetov, Linat"]
[Result "0-1"]
[WhiteElo "1629"]
[BlackElo "2093"]
[PlyCount "27"]
[EventDate "2016.09.19"]
[EventType "swiss"]
[EventRounds "11"]
[EventCountry "RUS"]
[SourceTitle "EXT 2017"]
[Source "ChessBase"]
[SourceDate "2016.10.25"]
[SourceVersion "1"]
[SourceVersionDate "2016.10.25"]
[SourceQuality "1"]

1. e4 d6 2. Nf3 Nf6 3. Nc3 e5 4. d4 Nbd7 5. Bc4 Be7 6. 0-0 0-0 7. Qd3 c6 8. Bb3 exd4 9. Nxd4 Nc5 10. Qe2 Nxb3 11. axb3 Re8 12. Qd3 d5 13. e5 Nd7 14. Ne6 0-1

[Event "RUS-ch Silent"]
[Site "Zelenograd"]
[Date "2015.06.08"]
[Round "9"]
[White "Shajakhmetov, Linat"]
[Black "Malyuga, Valentin"]
[Result "1/2-1/2"]
[WhiteElo "2113"]
[BlackElo "2105"]
[PlyCount "98"]
[EventDate "2015.06.02"]
[EventType "swiss"]
[EventRounds "11"]
[EventCountry "RUS"]
[SourceTitle "EXT 2018"]
[Source "ChessBase"]
[SourceDate "2017.10.13"]
[SourceVersion "1"]
[SourceVersionDate "2017.10.13"]
[SourceQuality "1"]

1. d4 d5 2. Nf3 Nf6 3. Bf4 e6 4. e3 Bd6 5. Bg3 0-0 6. Bd3 c5 7. c3 Nc6 8. Nbd2 Re8 9. 0-0 e5 10. dxc5 Bxc5 11. e4 d4 12. Nb3 Bb6 13. cxd4 exd4 14. e5 Nd7 15. Re1 Nf8 16. Nfd2 Be6 17. a3 Rc8 18. f4 g6 19. Ne4 Nd7 20. Nd6 Qe7 21. Nxe8 Rxe8 22. Rc1 Kh8 23. Kh1 Rg8 24. Nd2 Nc5 25. Bb1 Bd5 26. b4 Ne6 27. Ne4 Bxe4 28. Bxe4 Ncd8 29. Qf3 Ng7 30. Bf2 Nde6 31. g4 f5 32. gxf5 gxf5 33. Bd5 a5 34. Rc4 Rd8 35. Rb1 Nxf4 36. Qxf4 Rxd5 37. Rc8+ Ne8 38. Re1 Qe6 39. Ra8 axb4 40. axb4 Rd7 41. Qf3 Rg7 42. Bg3 h6 43. Rf1 Rf7 44. Bf4 Kh7 45. Rb8 Qd7 46. h3 Ng7 47. Rc1 Bd8 48. Ra1 Bg5 49. Raa8 Qe6 1/2-1/2